[Event "BUL-ch"]
[Site "Sofia"]
[Date "1989.??.??"]
[Round "10"]
[White "Topalov, Veselin"]
[Black "Georgiev, Krum"]
[Result "1/2-1/2"]
[WhiteElo "2395"]
[BlackElo "2485"]

1.d4 Nf6 2.c4 g6 3.Nc3 Bg7 4.e4 d6 5.Nf3 O-O 6.Be2 e5 7.O-O Nc6 8.Be3 Ng4
9.Bg5 Bf6 10.Bxf6 Nxf6 11.d5 Ne7 12.c5 Nh5 13.cxd6 cxd6 14.Ne1 Nf4 15.Nd3 Nxe2+
16.Qxe2 Qb6 17.Kh1 Bd7 18.f4 f6 19.fxe5 fxe5 20.Nf2 Kg7 21.Rab1 Rf7 22.Ng4 Raf8
23.Rxf7+ Rxf7 24.Ne3 Qc5 25.Rf1 Rxf1+ 26.Nxf1 b5 27.Qe3 b4 28.Qxc5 dxc5 29.Nd1 Nc8
30.Nd2 Nd6 31.b3 Nb5 32.Nb2 Nc3 33.Nd3 Kf6 34.Nxc5 Bb5 35.d6 Nxa2 36.Nf3 Nc3
37.h4 a5 38.g4 a4  1/2-1/2

[Event "Spijkenisse"]
[Site "Spijkenisse"]
[Date "1989.??.??"]
[Round "3"]
[White "Ioseliani, Nana"]
[Black "Piket, Jeroen"]
[Result "1/2-1/2"]
[WhiteElo "2480"]
[BlackElo "2500"]

1.d4 Nf6 2.c4 g6 3.Nc3 Bg7 4.e4 d6 5.Nf3 O-O 6.Be2 e5 7.O-O Nc6 8.d5 Ne7
9.Bd2 c6 10.dxc6 bxc6 11.Bg5 Bb7 12.c5 d5 13.exd5 Nfxd5 14.Ne4 Bc8 15.Bc4 f6
16.Bd2 Kh8 17.h3 Be6 18.Qe2 g5 19.b4 Ng6 20.Nd6 Qd7 21.Rfd1 a6 22.Nh2 Rg8  1/2-1/2

[Event "Spijkenisse"]
[Site "Spijkenisse"]
[Date "1989.??.??"]
[Round "5"]
[White "Alexandria, Nana"]
[Black "Piket, Jeroen"]
[Result "1-0"]
[WhiteElo "2375"]
[BlackElo "2500"]

1.d4 Nf6 2.c4 g6 3.Nc3 Bg7 4.e4 d6 5.Nf3 O-O 6.Be2 e5 7.O-O Nc6 8.d5 Ne7
9.Nd2 a5 10.a3 Bd7 11.b3 Nc8 12.Rb1 h5 13.b4 axb4 14.axb4 Qe7 15.Nb3 Nh7
16.Be3 f5 17.exf5 Bxf5 18.Ra1 Rxa1 19.Qxa1 e4 20.Bd4 Ng5 21.Bxg7 Qxg7 22.Na5 Qf6
23.Nb5 Qe7 24.Qc3 Nb6 25.Nxb7 Bg4 26.Bxg4 hxg4 27.Na5 Rf3 28.Qc1 Qf6 29.Nxc7 Rh3
30.Ne6 Nxe6 31.dxe6 Rh7 32.Qe3 Qe5 33.Qg3 Qxe6 34.c5 dxc5 35.bxc5 Nd7 36.Nb3 Ne5
37.Ra1 Rd7 38.c6 Nxc6 39.Nc5 Qa2 40.Rf1 Re7 41.Qd6 Qa8 42.Nxe4 Kh7 43.Nf6+ Kg7
44.Nxg4 Rf7 45.h3 Qa4 46.Rc1 Nd4 47.Qe5+ Kh7 48.Rc8 Qa1+ 49.Kh2  1-0

[Event "Stavanger op"]
[Site "Stavanger"]
[Date "1989.??.??"]
[Round "1"]
[White "Bern, Ivar"]
[Black "Djurhuus, Rune"]
[Result "0-1"]
[WhiteElo "2360"]
[BlackElo "2375"]

1.d4 Nf6 2.c4 g6 3.Nc3 Bg7 4.e4 d6 5.Nf3 O-O 6.Be2 e5 7.O-O Nc6 8.d5 Ne7
9.Bg5 Nh5 10.Ne1 Nf4 11.Nd3 f5 12.f3 Nxd3 13.Bxd3 Bf6 14.Be3 f4 15.Bf2 g5
16.c5 Ng6 17.cxd6 cxd6 18.a4 h5 19.Be2 Rf7 20.a5 Rg7 21.Nb5 Nh4 22.Nxa7 Bd7
23.a6 bxa6 24.Nc6 Qc8 25.Rc1 Qe8 26.Qe1 Qg6 27.Rc2 Nxg2 28.Kxg2 g4 29.Rg1 gxf3+
30.Kh1 Qxe4 31.Rxg7+ Kxg7 32.Bd1 Qxd5 33.Nb4 Qb7 34.Nd5 Qxd5 35.Rc7 Rd8 36.Ba4 Qe6
37.Qg1+ Kh6 38.Bc2 Qg4 39.Qf1 Rc8 40.Rxc8 Bxc8 41.Be4  0-1

[Event "Sverdlovsk"]
[Site "Sverdlovsk"]
[Date "1989.??.??"]
[Round "?"]
[White "Malaniuk, Vladimir P"]
[Black "Bokan, Danko"]
[Result "1-0"]
[WhiteElo "2560"]
[BlackElo "2250"]

1.d4 Nf6 2.c4 g6 3.Nc3 Bg7 4.e4 d6 5.Be2 O-O 6.Nf3 e5 7.O-O Nc6 8.d5 Ne7
9.Ne1 Nd7 10.Nd3 f5 11.Bd2 Nf6 12.f3 f4 13.g4 fxg3 14.hxg3 Kh8 15.Be3 Neg8
16.Qd2 Bd7 17.Kg2 Rf7 18.Rh1 c6 19.dxc6 Bxc6 20.Rad1 Ne8 21.c5 Qe7 22.Nb4 Rd8
23.Bc4 Ngf6 24.Bxf7 Qxf7 25.cxd6 Nxd6 26.Bc5 Bf8 27.Qg5  1-0

[Event "Sverdlovsk"]
[Site "Sverdlovsk"]
[Date "1989.??.??"]
[Round "?"]
[White "Dautov, Rustem"]
[Black "Bokan, Danko"]
[Result "1-0"]
[WhiteElo "2535"]
[BlackElo "2250"]

1.d4 Nf6 2.c4 g6 3.Nc3 Bg7 4.e4 d6 5.Nf3 O-O 6.Be2 e5 7.O-O Nc6 8.d5 Ne7
9.Nd2 a5 10.a3 Nd7 11.Rb1 f5 12.b4 b6 13.f3 f4 14.Qc2 g5 15.Nb5 Rf7 16.c5 bxc5
17.bxc5 Nxc5 18.Nb3 Nxb3 19.Rxb3 Ng6 20.Rc3 Ba6 21.a4 h5 22.Bd2 Bf8 23.Rc1 Bxb5
24.axb5 Ra7 25.Rc6 Nh4 26.Qd1 Rg7 27.Ra6 Rb7 28.Bxa5 Qf6 29.h3 Qg6 30.Be1 Be7
31.Ra8+ Kf7 32.Qc2 Rg8 33.Rca1 g4 34.fxg4 f3 35.gxf3 Rg7 36.Qc6 hxg4 37.Qe8+ Kf6  1-0

[Event "SWZ-ch int"]
[Site "?"]
[Date "1989.??.??"]
[Round "6"]
[White "Cebalo, Miso"]
[Black "Nemet, Ivan"]
[Result "1-0"]
[WhiteElo "2485"]
[BlackElo "2420"]

1.d4 Nf6 2.Nf3 g6 3.c4 Bg7 4.Nc3 O-O 5.e4 d6 6.Be2 e5 7.O-O Nc6 8.Be3 Ng4
9.Bg5 f6 10.Bc1 Nh6 11.dxe5 fxe5 12.Bg5 Qd7 13.h3 Nf7 14.Be3 b6 15.Nd5 Ncd8
16.Ng5 c6 17.Bg4 Qb7 18.Nxf7 Qxf7 19.Nc3 Bxg4 20.hxg4 Qd7 21.c5 bxc5 22.Bxc5 Nf7
23.Be3 Rad8 24.Qa4 d5 25.Bc5 d4 26.Bxf8 Rxf8 27.Qd1 Nd6 28.Na4 Nxe4 29.Qb3+ Kh8
30.Rad1 Ng5 31.f3 Ne6 32.Rfe1 Qd6 33.Nc3 Bh6 34.Ne4 Qe7 35.g3 Nc7 36.Qb7 Be3+
37.Kg2 Qf7 38.Qxc6 Qxf3+ 39.Kh3 Rf4 40.Qd7 Rxe4 41.Rf1 Bf2 42.Rd3 Re3 43.Qd8+ Kg7
44.Qxc7+ Kh6 45.g5+ Kxg5 46.Qe7+ Kh6 47.Rxe3 dxe3 48.Qh4+ Qh5 49.Qxh5+ Kxh5
50.Rh1 Kg5 51.Kg2 h5 52.b4 Kf5 53.b5 Ke4 54.a4 Kd5 55.Rc1 g5 56.a5 h4 57.b6 axb6
58.a6  1-0

[Event "SWZ-ch int"]
[Site "?"]
[Date "1989.??.??"]
[Round "8"]
[White "Zueger, Beat"]
[Black "Nemet, Ivan"]
[Result "1-0"]
[WhiteElo "2435"]
[BlackElo "2420"]

1.d4 Nf6 2.c4 g6 3.Nc3 Bg7 4.e4 d6 5.Nf3 O-O 6.Be2 e5 7.O-O Nc6 8.d5 Ne7
9.Ne1 Nd7 10.Nd3 f5 11.Bd2 Nf6 12.f3 c6 13.Rc1 Bd7 14.b4 a5 15.a3 axb4 16.axb4 cxd5
17.cxd5 Qb6+ 18.Kh1 Nh5 19.Qb3 Kh8 20.Nb2 Nf4 21.Nc4 Qd8 22.Bxf4 exf4 23.Nxd6 Qb8
24.Nc4 b6 25.b5 fxe4 26.fxe4 g5 27.d6 Ng6 28.Nd5 f3 29.Rxf3 Rxf3 30.Qxf3 Ra2
31.Ndxb6 Bxb5 32.d7 Nf4 33.Bf1 Qd8 34.Nd6 Bxf1 35.Qxf1  1-0

[Event "URS-ch U26"]
[Site "Tbilisi"]
[Date "1989.??.??"]
[Round "?"]
[White "Epishin, Vladimir"]
[Black "Akopian, Vladimir"]
[Result "0-1"]
[WhiteElo "2465"]
[BlackElo "2520"]

1.d4 Nf6 2.c4 g6 3.Nc3 Bg7 4.e4 d6 5.Nf3 O-O 6.Be2 e5 7.O-O Nc6 8.d5 Ne7
9.Nd2 Nd7 10.b4 f5 11.a4 Nf6 12.a5 Bh6 13.c5 Bxd2 14.Bxd2 Nxe4 15.Nxe4 fxe4
16.Bg5 Qe8 17.Rc1 Nf5 18.Rc3 Bd7 19.Qd2 Nd4 20.Re1 Bb5 21.Bxb5 Qxb5 22.Qb2 b6
23.Be7 bxc5 24.Bxf8 Rxf8 25.h4 Rf7 26.h5 cxb4 27.hxg6 hxg6 28.Rg3 Kg7 29.Rh3 Qxd5
30.Qxb4 Qa2 31.Rf1 Ne2+ 32.Kh2 Nf4 33.Re3 Nd3 34.Qb8 Nxf2 35.Rg3 Qe2 36.Rc1 Qh5+
37.Kg1 Qh1+  0-1

[Event "URS-ch U26"]
[Site "Tbilisi"]
[Date "1989.??.??"]
[Round "?"]
[White "Neverov, Valeriy"]
[Black "Timoshenko, Georgy"]
[Result "1-0"]
[WhiteElo "2430"]
[BlackElo "2530"]

1.d4 Nf6 2.c4 g6 3.Nc3 Bg7 4.e4 d6 5.Nf3 O-O 6.Be2 e5 7.O-O Nc6 8.d5 Ne7
9.Ne1 Nd7 10.Nd3 f5 11.Bd2 Kh8 12.f3 f4 13.b4 g5 14.c5 Nf6 15.Nf2 h5 16.h3 Neg8
17.Qc2 Nh6 18.cxd6 cxd6 19.Nb5 Ne8 20.Rfc1 Bd7 21.a4 a6 22.Na3 g4 23.fxg4 hxg4
24.hxg4 Bf6 25.Nc4 Bh4 26.Be1 Bg3 27.Ra3 Rc8 28.Qd2 Kg7 29.Nh1 Bxe1 30.Qxe1 Nxg4
31.Bxg4 Bxg4 32.Nf2 Qg5 33.Nxg4 Qxg4 34.Rac3 Rd8 35.Rh3 Nf6 36.Ne3 fxe3 37.Rg3 Rc8
38.Rxc8 Rxc8 39.Qxe3 Rc1+ 40.Kh2 Kf7 41.Qxc1 Qh4+ 42.Rh3 Qxe4  1-0

[Event "Tel Aviv-A"]
[Site "Tel Aviv"]
[Date "1989.??.??"]
[Round "3"]
[White "Flear, Glenn C"]
[Black "Gurevich, Mikhail"]
[Result "0-1"]
[WhiteElo "2500"]
[BlackElo "2590"]

1.d4 Nf6 2.c4 g6 3.Nc3 Bg7 4.e4 d6 5.Be2 O-O 6.Nf3 e5 7.O-O Nc6 8.d5 Ne7
9.Nd2 a5 10.a3 Bd7 11.Ra2 c5 12.dxc6 bxc6 13.b4 axb4 14.axb4 Rxa2 15.Nxa2 Qa8
16.Nc3 d5 17.cxd5 cxd5 18.exd5 Nfxd5 19.Nxd5 Nxd5 20.Ne4 Ba4 21.Qe1 Rb8 22.Bd2 Nxb4
23.Nc5 Nc2 24.Qd1 Ne3  0-1

[Event "Uzes op"]
[Site "Uzes"]
[Date "1989.??.??"]
[Round "3"]
[White "Baldy, Philippe"]
[Black "Scheidegger, Claude"]
[Result "1-0"]
[WhiteElo "2275"]
[BlackElo "1800"]

1.d4 Nf6 2.c4 g6 3.Nc3 Bg7 4.e4 d6 5.Be2 O-O 6.Nf3 e5 7.O-O Nc6 8.d5 Ne7
9.Ne1 Nd7 10.Be3 f5 11.f3 Nf6 12.c5 f4 13.Bf2 g5 14.Rc1 Rf7 15.cxd6 cxd6
16.Nb5 Ng6 17.Qc2 Ne8 18.Nxa7 Rc7 19.Qd2 Rxc1 20.Qxc1 Bd7 21.Bb5 Bxb5 22.Nxb5 Rxa2
23.Na3 Nf6 24.Qb1 Rxa3 25.bxa3 Qd7 26.a4 g4 27.Qb5 Qe7 28.Nd3 h5 29.Rb1 g3
30.hxg3 fxg3 31.Bxg3 h4 32.Bf2 Nh5 33.Qxb7 Qg5 34.Qc8+ Kh7 35.Qf5 Qh6 36.Bxh4 Nf4
37.Nxf4 exf4 38.Bf6  1-0

[Event "Uzes op"]
[Site "Uzes"]
[Date "1989.??.??"]
[Round "5"]
[White "Fournier, JF."]
[Black "Casa, Alex"]
[Result "0-1"]
[WhiteElo "1750"]
[BlackElo "2120"]

1.d4 Nf6 2.c4 g6 3.Nc3 Bg7 4.e4 d6 5.Nf3 O-O 6.Be2 e5 7.O-O Nc6 8.Be3 Ng4
9.Bg5 f6 10.Bc1 Qe8 11.h3 Nh6 12.d5 Ne7 13.Be3 f5 14.Bg5 a6 15.Qc1 Nf7 16.Bd2 fxe4
17.Nxe4 Nf5 18.Re1 Nd4 19.Nxd4 exd4 20.Bg4 Ne5 21.Qc2 Bxg4 22.hxg4 Qd7 23.f3 h6
24.Nf2 Kh7 25.Rac1 Rf7 26.b3 Raf8 27.Re4 Qd8 28.Nd3 Nxf3+ 29.gxf3 Rxf3 30.Rf4 Rg3+
31.Kf1 Qh4 32.Rxf8 Qh1+ 33.Ke2 Qe4+ 34.Kd1 Qxg4+ 35.Ke1 Bxf8 36.Bf4 Rg2  0-1

[Event "Uzes op"]
[Site "Uzes"]
[Date "1989.??.??"]
[Round "5"]
[White "Baldy, Philippe"]
[Black "Bourguet, G."]
[Result "1-0"]
[WhiteElo "2275"]
[BlackElo "2080"]

1.d4 Nf6 2.c4 g6 3.Nc3 Bg7 4.e4 d6 5.Be2 O-O 6.Nf3 e5 7.O-O Nc6 8.d5 Ne7
9.Ne1 Nd7 10.Be3 f5 11.f3 f4 12.Bf2 g5 13.Nb5 b6 14.b4 Nf6 15.c5 Ng6 16.cxd6 cxd6
17.Rc1 Rf7 18.a4 h5 19.Qc2 Ne8 20.a5 g4 21.axb6 g3 22.hxg3 fxg3 23.Bxg3 Bh6
24.Ra1 Be3+ 25.Bf2 Bxb6 26.Nd3 Bd7 27.Nc3 Rc8 28.Qd2 Nf4 29.Nxf4 exf4 30.Bb5 h4
31.Bxd7 Qxd7 32.Bxb6 axb6 33.Kf2 Qe7 34.Rh1 Qg5 35.Ne2 Ng7 36.Rh2 Nh5 37.Rah1 Rg7
38.Rxh4 Qxg2+ 39.Ke1 Ra8 40.Rxh5 Ra1+ 41.Nc1 Qg3+ 42.Ke2 Qg2+ 43.Kd3 Qxf3+
44.Kd4 Rg2 45.Qc3 Qxc3+ 46.Kxc3 b5 47.Nd3 Ra3+ 48.Kd4 Rc2 49.Rg5+ Kf8 50.Rf5+ Ke8
51.Rxf4 Rc4+ 52.Ke3 Rxb4 53.Rh8+ Ke7 54.Rhf8  1-0

[Event "Val Maubuee op"]
[Site "Val Maubuee"]
[Date "1989.??.??"]
[Round "?"]
[White "Jardin, P."]
[Black "Faber, B."]
[Result "1/2-1/2"]
[WhiteElo "1620"]
[BlackElo "1610"]

1.d4 Nf6 2.c4 g6 3.Nc3 Bg7 4.e4 d6 5.Nf3 O-O 6.Be2 Nc6 7.O-O e5 8.Bg5 exd4
9.Nxd4 Bd7 10.Nd5 h6 11.Bxf6 Bxf6 12.Nxc6 Bxc6 13.Qd2 Bg7 14.Rae1 Bxd5 15.exd5 Qf6
16.b3 Qd4 17.Bf3 Rae8 18.Re2 f5 19.Rfe1 Rxe2 20.Rxe2 Qa1+ 21.Qe1  1/2-1/2

[Event "Val Thorens"]
[Site "Val Thorens"]
[Date "1989.??.??"]
[Round "6"]
[White "Michaelsen, Nils"]
[Black "Werner, Marc"]
[Result "1/2-1/2"]
[WhiteElo "2345"]
[BlackElo "2360"]

1.c4 g6 2.Nc3 Nf6 3.e4 d6 4.d4 Bg7 5.Nf3 O-O 6.Be2 Nc6 7.O-O e5 8.d5 Ne7
9.Ne1 Nd7 10.f3 f5 11.g4 Nf6 12.Nd3 f4 13.b4 h5 14.g5 Nh7 15.h4 Nxg5 16.hxg5 Nxd5
17.Nxd5 Qxg5+ 18.Kh1 Qh4+ 19.Kg1 Qg3+ 20.Kh1 Qh3+ 21.Kg1 Qg3+ 22.Kh1 Qh3+
23.Kg1 Qg3+  1/2-1/2

[Event "Vrnjacka Banja"]
[Site "Vrnjacka Banja"]
[Date "1989.??.??"]
[Round "?"]
[White "Legky, Nikolay A"]
[Black "Reyes, Juan"]
[Result "1-0"]
[WhiteElo "2420"]
[BlackElo "2445"]

1.d4 Nf6 2.Nf3 g6 3.c4 Bg7 4.Nc3 O-O 5.e4 d6 6.Be2 e5 7.O-O Nc6 8.d5 Ne7
9.Bg5 Nd7 10.Nd2 f6 11.Be3 f5 12.f3 f4 13.Bf2 g5 14.b4 Nf6 15.c5 Ne8 16.a4 Ng6
17.Nc4 Rf7 18.cxd6 Nxd6 19.a5 Bf8 20.Nxd6 Bxd6 21.Nb5 a6 22.Nxd6 cxd6 23.Rc1 Bd7
24.Bb6 Qe8 25.Rc7 Ba4 26.Qc1 Nf8 27.Rxf7 Kxf7 28.Qc7+ Qd7 29.Rc1 Ke8 30.Kf2 Bb5
31.Qxd7+ Nxd7 32.Rc7 Bxe2 33.Kxe2 Rb8 34.Kd3 Ke7 35.Ba7 Rg8 36.Rxb7 g4 37.Bf2 gxf3
38.gxf3  1-0

[Event "Vrnjacka Banja"]
[Site "Vrnjacka Banja"]
[Date "1989.??.??"]
[Round "?"]
[White "Vuruna, Miodrag"]
[Black "Hebden, Mark"]
[Result "1-0"]
[WhiteElo "2310"]
[BlackElo "2455"]

1.Nf3 Nf6 2.c4 g6 3.Nc3 Bg7 4.d4 d6 5.e4 O-O 6.Be2 e5 7.O-O Nc6 8.d5 Ne7
9.Ne1 Nd7 10.Nd3 f5 11.Bd2 Nf6 12.f3 f4 13.g4 g5 14.Be1 h5 15.h3 Kf7 16.Kg2 Rh8
17.Rh1 hxg4 18.hxg4 Rxh1 19.Kxh1 Ng6 20.Bf2 Bd7 21.Kg2 Nh4+ 22.Kf1 Qe7 23.c5 Rh8
24.cxd6 cxd6 25.Bxa7 Nxg4 26.fxg4 f3 27.Nf2 fxe2+ 28.Qxe2 Qf6 29.Rd1 Bf8
30.Rd3 Be7 31.Bb6 Kg6 32.Rg3 Rf8 33.Be3 Nf3 34.Kg2 Nd4 35.Qd1 Bd8 36.Nh3 Qh8
37.Nf2 Qf6 38.Rh3 Kg7 39.Ne2 Nxe2 40.Qxe2 Qg6 41.Rh5 b5 42.a3 Rf7 43.Kg3 Rf8
44.Rh2 Rf7 45.Qc2 Rf8 46.Qb1 b4 47.Rh3 Bb5 48.Kg2 b3 49.Qd1 Bc4 50.Rf3 Rh8
51.Qd2 Be7 52.Bb6 Rh4 53.Qe3 Qe8 54.Qc1 Be2 55.Rg3 Qb5 56.Be3 Bd3 57.Bxg5 Bxe4+
58.Nxe4 Qxd5 59.Qe3  1-0

[Event "Vrnjacka Banja"]
[Site "Vrnjacka Banja"]
[Date "1989.??.??"]
[Round "?"]
[White "Legky, Nikolay A"]
[Black "Vuruna, Miodrag"]
[Result "1-0"]
[WhiteElo "2420"]
[BlackElo "2310"]

1.d4 Nf6 2.Nf3 g6 3.c4 Bg7 4.Nc3 O-O 5.e4 d6 6.Be2 e5 7.O-O Nc6 8.d5 Ne7
9.Bg5 h6 10.Bxf6 Bxf6 11.b4 Bg7 12.c5 f5 13.Nd2 fxe4 14.Nc4 Nf5 15.Nxe4 dxc5
16.bxc5 Nd4 17.Ne3 Kh8 18.Bd3 Bf5 19.Rc1 c6 20.dxc6 bxc6 21.Nd6 Qh4 22.Rc4 Qg5
23.Rb4 Be6 24.Bc4 Bxc4 25.Nexc4 Rf4 26.Rb7 Raf8 27.Nd2 e4 28.N2xe4 Qd5 29.Re1 Ne6
30.Rxa7 Bd4 31.Kh1 Nxc5 32.Re7 Bxf2 33.Nxf2 Qxd1 34.Rxd1 Rxf2 35.h3 Rxa2
36.Nf7+ Kg7 37.Rf1 Nd3 38.Nxh6+ Kxh6 39.Rxf8 c5 40.Kh2 Kg5 41.Kg3 Ra4 42.Rh7  1-0

[Event "Vrnjacka Banja"]
[Site "Vrnjacka Banja"]
[Date "1989.??.??"]
[Round "?"]
[White "Gulicovski, Klimentije"]
[Black "Sahovic, Dragutin"]
[Result "1/2-1/2"]
[WhiteElo "2200"]
[BlackElo "2410"]

1.Nf3 Nf6 2.c4 g6 3.Nc3 Bg7 4.e4 d6 5.d4 O-O 6.Be2 e5 7.O-O Nc6 8.d5 Ne7
9.Ne1 Nd7 10.Be3 f5 11.f3 f4 12.Bf2 g5 13.Nb5 b6 14.b4 a6 15.Nc3 Ng6 16.c5 Nf6
17.Nd3 h5 18.h3 Rf7 19.cxb6 cxb6 20.a4 Bf8 21.Nb2 Rb8 22.Nc4 Bd7 23.Nd2  1/2-1/2

[Event "Legion op"]
[Site "Warsaw"]
[Date "1989.??.??"]
[Round "3"]
[White "Savon, Vladimir A"]
[Black "Kruza, Pawel"]
[Result "1-0"]
[WhiteElo "2425"]
[BlackElo "2250"]

1.c4 g6 2.d4 Bg7 3.Nc3 d6 4.Nf3 Nf6 5.e4 O-O 6.Be2 e5 7.O-O Nc6 8.d5 Ne7
9.Nd2 c5 10.Rb1 Ne8 11.b4 b6 12.bxc5 bxc5 13.Nb3 f5 14.Bg5 Nf6 15.exf5 gxf5
16.f4 e4 17.Bh4 Ng4 18.Qd2 Bf6 19.Bxf6 Nxf6 20.Nd1 Bd7 21.Ne3 Kf7 22.Na5 Rb8
23.Nc6 Bxc6 24.dxc6 Qc7 25.Nd5 Nexd5 26.cxd5 Rxb1 27.Rxb1 Rb8 28.Rxb8 Qxb8
29.h3 Qb6 30.Kh2 h5 31.Qe3 Nxd5 32.Bxh5+ Ke6 33.Qg3 Ne7 34.Be8 Nxc6 35.Qg8+  1-0

[Event "Legion op"]
[Site "Warsaw"]
[Date "1989.??.??"]
[Round "4"]
[White "Sarwinski, Miroslaw"]
[Black "Flis, Jacek"]
[Result "1-0"]
[WhiteElo "2395"]
[BlackElo "2335"]

1.d4 Nf6 2.Nf3 g6 3.c4 Bg7 4.Nc3 O-O 5.e4 d6 6.Be2 e5 7.O-O Nc6 8.d5 Ne7
9.b4 Nh5 10.g3 h6 11.Nd2 Nf6 12.c5 Bh3 13.Re1 Ne8 14.a4 f5 15.Ba3 fxe4 16.Ndxe4 Nf5
17.Bf1 Bxf1 18.Rxf1 Qd7 19.Kg2 Nf6 20.Nxf6+ Rxf6 21.Ne4 Rf7 22.cxd6 cxd6
23.b5 Bf8 24.Qd3 a6 25.Bb2 Bg7 26.bxa6 bxa6 27.Rfc1 Rb8 28.Bc3 Rb3 29.Qc4 Qb7
30.Qc6 Qa7 31.Rab1 Qb8 32.Nd2 Rxb1 33.Rxb1 Qd8 34.Ne4 Rc7 35.Qb6 Nd4 36.Bxd4 exd4
37.Qxd6 Qxd6 38.Nxd6 Rd7 39.Rb6 d3 40.Kf3 Bc3 41.Ne4 d2 42.Nxc3 Rxd5 43.Ke2  1-0

[Event "Werfen op"]
[Site "Werfen"]
[Date "1989.??.??"]
[Round "8"]
[White "Haugli, Petter"]
[Black "Lanka, Zigurds"]
[Result "1/2-1/2"]
[WhiteElo "2380"]
[BlackElo "2420"]

1.d4 Nf6 2.c4 g6 3.Nc3 Bg7 4.e4 d6 5.Nf3 O-O 6.Be2 e5 7.O-O Nc6 8.d5 Ne7
9.Ne1 Nd7 10.Nd3 f5 11.f3 f4 12.g4 Bf6 13.Bd2 Bh4 14.Ne1 g5 15.Ng2 Ng6 16.b4 Nf6
17.Nxh4 Nxh4 18.Be1 Ng6 19.c5 h5 20.h3 Kg7 21.Kg2 Rh8 22.Bf2 Bd7 23.Rh1 Qe7
24.Qd2 Rh6 25.Rag1 a6 26.cxd6 cxd6 27.b5 axb5 28.Bxb5 Rah8 29.Bxd7 Qxd7 30.Qe2 Kg8
31.Qd1 Qh7 32.Nb5 hxg4 33.hxg4 Nh4+ 34.Kf1 Qd7 35.a4 Ne8 36.Bxh4 Rxh4 37.Rxh4 Rxh4
38.Kg2 Nc7 39.Nxc7  1/2-1/2

[Event "Hoogovens-B"]
[Site "Wijk aan Zee"]
[Date "1989.??.??"]
[Round "?"]
[White "Rogers, Ian"]
[Black "Nijboer, Friso"]
[Result "0-1"]
[WhiteElo "2505"]
[BlackElo "2445"]

1.Nf3 Nf6 2.c4 g6 3.Nc3 Bg7 4.d4 O-O 5.e4 d6 6.Be2 e5 7.O-O Nc6 8.d5 Ne7
9.Ne1 Nd7 10.Nd3 f5 11.Bd2 c5 12.Bg5 h6 13.Bxe7 Qxe7 14.Rb1 Nf6 15.f3 h5
16.Qe1 Bh6 17.Bd1 f4 18.Kf2 g5 19.h3 g4 20.hxg4 hxg4 21.Rh1 Bg5 22.Ke2 a6
23.a4 Qc7 24.Ra1 b6 25.Nf2 Rb8 26.Kd2 g3 27.Nd3 Bd7 28.b3 Kg7 29.Kc2 Kg6
30.Be2 Nh7 31.Nc1 Be7 32.Bd3 Ng5 33.N1e2 Kg7 34.Qd2 Rf7 35.Rh5 Rg8 36.Rah1 Bc8
37.Qc1 Bf6 38.Qa3 Kf8 39.b4 cxb4 40.Qxb4 Rfg7 41.Rh6 Be7 42.Rb1 Nf7 43.Rh5 Bd8
44.Rbh1 Rg5 45.Rh7 R8g7 46.R7h4 R5g6 47.Rh5 Qc5 48.Qxc5 bxc5 49.Nc1 Ng5 50.Rh8+ Rg8
51.R8h5 R6g7 52.Rh6 Rd7 53.Rh8 Nf7 54.R8h5 Rb7 55.Nb3 Bd7 56.Rb1 Ke7 57.Rh7 Bc7
58.Nc1 Rxb1 59.Kxb1 Ba5 60.N1e2 Rh8 61.Rxh8 Nxh8 62.Kb2 Ng6 63.Ng1 Bxc3+
64.Kxc3 Bxa4 65.Bf1 Nh4 66.Kb2 Be8 67.Ka3 Kd8 68.Kb3 Bh5 69.Ka4 Kc7 70.Ka3 Kb6
71.Kb3 a5 72.Ka3 Ka6 73.Kb3 Be8 74.Nh3 a4+ 75.Ka3 Ka5 76.Ng5 Bh5 77.Ne6 Bxf3
78.gxf3 Nxf3 79.Nd8 Nd2 80.Nb7+ Kb6 81.Nxd6 Nxf1 82.Nf7  0-1

[Event "Zenica"]
[Site "Zenica"]
[Date "1989.??.??"]
[Round "7"]
[White "Terzic, Safet"]
[Black "Vukic, Milan"]
[Result "1/2-1/2"]
[WhiteElo "2360"]
[BlackElo "2495"]

1.d4 Nf6 2.c4 g6 3.Nc3 Bg7 4.e4 d6 5.Nf3 O-O 6.Be2 e5 7.O-O Nc6 8.d5 Ne7
9.a3 Nh5 10.b4 Nf4 11.Ne1 f5 12.Nd3 Nxe2+ 13.Qxe2 f4 14.f3 g5 15.c5 Ng6 16.Bd2 h5
17.Rac1 Rf7 18.Be1 g4 19.Kh1 Bf8 20.Bf2 Rg7 21.cxd6 cxd6 22.Nb5 a6 23.Nc3 Bd7
24.a4 Qg5 25.Qd2 Be7 26.Rc2 Kh8 27.Ne1 Rag8 28.b5 Bd8 29.bxa6 bxa6 30.Rb2 Ba5
31.Bb6 Bxc3 32.Qxc3 Bxa4 33.Qa3 Bb5 34.Rxb5 axb5 35.Qxd6 Nh4 36.Bf2 Nxf3
37.gxf3 Rg6 38.h4 Rxd6 39.hxg5 Rxg5 40.Bh4 Rg8 41.Nd3 g3 42.Kg2 Re8 43.Ra1 b4
44.Nxb4 Rb6 45.Nc6 Kg7 46.Ra2 Rb7 47.Nd8 Rd7 48.Ne6+ Kf7 49.Nc5 Rd6 50.Ra7+ Kg6
51.Nd3 Rb6 52.Be7 Rb3 53.Nxe5+ Kh6 54.Nf7+ Kg7 55.Ne5 Kh6 56.Nf7+ Kg6  1/2-1/2

[Event "DDR-ch 38th"]
[Site "Zittau"]
[Date "1989.??.??"]
[Round "?"]
[White "Gruenberg, Hans Ulrich"]
[Black "Kaminski, Uwe"]
[Result "1-0"]
[WhiteElo "2475"]
[BlackElo "2345"]

1.d4 Nf6 2.c4 g6 3.Nc3 Bg7 4.e4 d6 5.Be2 O-O 6.Nf3 e5 7.O-O Nc6 8.Be3 Ng4
9.Bg5 f6 10.Bh4 g5 11.Bg3 Nh6 12.d5 Ne7 13.Nd2 Ng6 14.b4 f5 15.exf5 Nxf5
16.Nde4 Nf4 17.c5 Nxe2+ 18.Qxe2 Nd4 19.Qh5 h6 20.cxd6 cxd6 21.Qg6 Bf5 22.Qxd6 Qe8
23.Rae1 b6 24.Qc7 Rf7 25.Qc4 Rc8 26.Qd3 Rfc7 27.Ne2 Nc2 28.Rd1 Qg6 29.f3 Rc4
30.d6 Nd4 31.Nxd4 Rxd4 32.Qa6 Qf7 33.Rxd4 exd4 34.Qd3 Rc3 35.Qb1 Ra3 36.Rf2 d3
37.Rd2 Qc4 38.h3 Bd4+ 39.Kh2 Be3 40.Qb2 Bxd2 41.Qxa3 Bxb4 42.Qa4 b5 43.Qxa7 Bxe4
44.d7 Be7 45.Qb8+ Kh7 46.Qe8 Bf6 47.fxe4  1-0

[Event "JUG-chT"]
[Site "Zlatibor"]
[Date "1989.??.??"]
[Round "?"]
[White "Gligoric, Svetozar"]
[Black "Vukic, Milan"]
[Result "1/2-1/2"]
[WhiteElo "2485"]
[BlackElo "2500"]

1.d4 Nf6 2.c4 g6 3.Nc3 Bg7 4.e4 d6 5.Nf3 O-O 6.Be2 e5 7.O-O Nc6 8.d5 Ne7
9.Nd2 a5 10.a3 Nd7 11.Rb1 f5 12.b4 Kh8 13.Qc2 b6 14.Bb2 Nf6 15.f4 exf4 16.Rxf4 axb4
17.axb4 Bd7 18.Rbf1 g5 19.R4f2 f4 20.h4 gxh4 21.Rxf4 Ng6 22.R4f2 Qe7 23.Nd1 Ba4
24.Qd3 Bxd1 25.Bxd1 Nd7 26.Rxf8+ Rxf8  1/2-1/2

[Event "JUG-chT"]
[Site "Zlatibor"]
[Date "1989.??.??"]
[Round "?"]
[White "Cebalo, Miso"]
[Black "Vukic, Milan"]
[Result "1-0"]
[WhiteElo "2485"]
[BlackElo "2500"]

1.d4 Nf6 2.Nf3 g6 3.c4 Bg7 4.Nc3 d6 5.e4 O-O 6.Be2 e5 7.O-O Nc6 8.Be3 Ng4
9.Bg5 f6 10.Bc1 Nh6 11.dxe5 fxe5 12.h3 Nf7 13.Be3 Bh6 14.Qd2 Kg7 15.Rfd1 b6
16.Nd5 Bxe3 17.Qxe3 Nb8 18.b4 c5 19.a4 Nc6 20.a5 Rb8 21.axb6 axb6 22.b5 Nd4
23.Nxd4 exd4 24.Qg3 Bb7 25.Bg4 Ne5 26.Nf4 Rxf4 27.Qxf4 Nxc4 28.Ra7 Qf6 29.Qc1 Ne5
30.f4 Nxg4 31.hxg4 Qe6 32.Rxd4 Kh8 33.Rda4 Qxg4 34.Qa1+ Kg8 35.Rxb7 Rxb7
36.Ra8+ Kf7 37.Qh8  1-0

[Event "JUG-chT"]
[Site "Zlatibor"]
[Date "1989.??.??"]
[Round "?"]
[White "Maksimovic, Branimir"]
[Black "Nikolic, Sava N"]
[Result "1-0"]
[WhiteElo "2350"]
[BlackElo "2315"]

1.d4 Nf6 2.c4 g6 3.Nc3 Bg7 4.e4 d6 5.Be2 O-O 6.Nf3 e5 7.O-O Nc6 8.d5 Ne7
9.Ne1 Nd7 10.Nd3 f5 11.Bd2 Nf6 12.f3 Kh8 13.Rc1 f4 14.g4 fxg3 15.hxg3 Nh5
16.Kg2 Ng8 17.Rh1 Bh6 18.Bxh6 Nxh6 19.Qd2 Nf7 20.f4 Nf6 21.fxe5 dxe5 22.Rcf1 Qe7
23.Qe3 h5 24.c5 Bd7 25.b4 Kg7 26.a4 a6 27.Nf2 Nh6 28.Qg5 Nxd5 29.Qxe7+ Nxe7
30.Nd3 Rxf1 31.Rxf1 Nf7 32.Nb2 Be6 33.Bc4 Bxc4 34.Nxc4 Rd8 35.b5 Rd3 36.Rxf7+ Kxf7
37.Nxe5+ Ke6 38.Nxd3 axb5 39.Nxb5 c6 40.Nd6 b6 41.cxb6 Kxd6 42.b7 Kc7 43.Nc5  1-0

[Event "Zug"]
[Site "Zug"]
[Date "1989.??.??"]
[Round "?"]
[White "Kraut, Rainer"]
[Black "Hug, Marcel"]
[Result "1/2-1/2"]
[WhiteElo "2380"]
[BlackElo "2200"]

1.c4 Nf6 2.Nc3 g6 3.e4 d6 4.d4 Bg7 5.Nf3 O-O 6.Be2 e5 7.O-O Nc6 8.d5 Ne7
9.Ne1 Ne8 10.Nd3 f5 11.Bd2 Nf6 12.f3 f4 13.c5 g5 14.cxd6 cxd6 15.Nf2 h5 16.h3 Rf7
17.Qc2 Kh8 18.Nb5 Ne8 19.Rfc1 Ng8 20.Nxa7 Rc7 21.Ba5 Rxc2 22.Bxd8 Rxe2 23.Nxc8 Rxb2
24.Bxg5 Raxa2 25.Rxa2 Rxa2 26.Rb1 Rc2 27.Na7 Ngf6 28.Bxf6 Nxf6 29.h4 Rc7
30.Nb5 Rc2 31.Na7 Rc7  1/2-1/2

[Event "Zug"]
[Site "Zug"]
[Date "1989.??.??"]
[Round "?"]
[White "Fauland, Alexander"]
[Black "Lane, Gary W"]
[Result "1-0"]
[WhiteElo "2455"]
[BlackElo "2385"]

1.c4 Nf6 2.Nc3 g6 3.d4 Bg7 4.e4 O-O 5.Nf3 d6 6.Be2 e5 7.O-O Nc6 8.d5 Ne7
9.Nd2 c6 10.b4 a5 11.bxa5 Qxa5 12.Qc2 c5 13.Nb3 Qd8 14.Bd2 Nd7 15.Nb5 Ra6
16.a4 f5 17.f3 Nf6 18.a5 f4 19.Bc3 g5 20.g4 fxg3 21.hxg3 Ng6 22.Bd3 Bh3 23.Rf2 g4
24.Bf1 Bxf1 25.Rfxf1 Bh6 26.Qe2 Nh5 27.Be1 Qf6 28.fxg4 Be3+ 29.Kg2 Qxf1+
30.Qxf1 Rxf1 31.Kxf1 Nf6 32.Ke2 Nxg4 33.Bd2 Bd4 34.Rf1 h5 35.Rf5 Kg7 36.Nc7 Ra7
37.Ne8+ Kg8 38.Nxd6  1-0

[Event "Altensteig"]
[Site "Altensteig"]
[Date "1990.??.??"]
[Round "9"]
[White "Schlosser, Philipp"]
[Black "Paehtz, Thomas Sr"]
[Result "1-0"]
[WhiteElo "2455"]
[BlackElo "2445"]

1.Nf3 Nf6 2.c4 d6 3.Nc3 g6 4.e4 Bg7 5.d4 O-O 6.Be2 e5 7.O-O Nc6 8.d5 Ne7
9.Ne1 Nd7 10.Nd3 f5 11.Bd2 Nf6 12.f3 f4 13.g4 fxg3 14.hxg3 c6 15.Be3 Kh8
16.Kg2 a5 17.Nf2 Nh5 18.Rh1 cxd5 19.cxd5 Ng8 20.Qd2 a4 21.Rh2 a3 22.b4 Rf7
23.Rah1 h6 24.Nh3 Bxh3+ 25.Rxh3 Kh7 26.Nb5 Ngf6 27.g4 Nf4+ 28.Bxf4 exf4 29.Qxf4 Kg8
30.Nxd6 Rf8 31.Qe5 Qb6 32.Qe6+ Kh7 33.g5 Ng4 34.Qxg4 Qxd6 35.Qe6 Qxe6 36.dxe6 Rac8
37.gxh6 Bf6 38.Rd1 Rc2 39.Kf2 Rxa2 40.e5 Bd8  1-0